| 000 | 00917nas a2200313 4500 | ||
|---|---|---|---|
| 001 | BR0201353 | ||
| 003 | BR-BrBNA | ||
| 005 | 20231205102806.0 | ||
| 007 | ta | ||
| 008 | 230509b bl.|||p| |||| 00| 00por d | ||
| 040 |
_aBR-BrBNA _bpor _cBiblioteca Nacional de Agricultura |
||
| 041 | _a(Pt) | ||
| 072 | _aH10 | ||
| 100 | 1 | _aMendes, M. de L. | |
| 100 | 1 | _aCamilo, O.C. | |
| 100 | 1 | _aVicente, F.R. | |
| 100 | 1 | _aRodriguez, P.B.N. | |
| 245 | 1 | _aReação de genótipos de soja [Glycine max (L.)Merril]a Meloidogyne javanica (Treub, 1885)Chitwood, 1949 | |
| 650 | _aSOJA | ||
| 650 | _aESTUFA | ||
| 650 | _aMELOIDOGINOSE | ||
| 650 | _aGENÓTIPO | ||
| 650 | _aVARIEDADE RESISTENTE | ||
| 650 | _aNEMATÓIDE | ||
| 650 | _aGALHA | ||
| 773 | 0 |
_tNematologia Brasileira (Brazil) _xISSN 0102-2997 _g(Jun 2001), v. 25(1) p. 89-93 _wBR0201353 |
|
| 909 |
_a202311 _bLúcia _c55 _dLúcia Elande |
||
| 942 |
_2AGRIS _n0 _cANA |
||
| 999 |
_c169347 _d169347 |
||